000 00919cam a22002054a 4500
005 20250605164207.0
008 250528s ||||||||||||||||||||||||d
035 _a20098
040 _aGR-AtMCL
_bgre
_dGR-AtMCL
_eAACR2
245 1 _aThe Regions and the Enlargement of the European Economic Community / Papers presented in the Athens Meeting of the A.S.R.D.L.F
260 _bAthens School of Economics and Business Science,
_c1982
300 _a220
520 _aPreface, Towards Explaining Regional Inequalities and Some Interdisk metrics, The Decomposition Principle Versus Optimization in Regional Analysis - The Inverted Problem of Multi-Objective Programming, A Systematic Analysis of the Regional Structure for a Coherent Regional Policy in Greece.
700 1 _aChiotis G.P
_96142
700 1 _aLouri H.D
_96143
700 1 _aTsoukalas D.A
_96144
942 _cBK
999 _c5237
_d5237